00279nam a2200109Ia 4500008004100000020001800041082002000059100001800079245003300097260002900130300001000159210430s9999 xx 000 0 und d a81-8128-588-3 a537.6221 S538 N aV.A. Shchukin aNanostructurecV.A. Shchukin aNew yorkbSpringerc2007 a387 p